Le prénom Paul dans d'autres langues - Statistiques

Statistiques générales
  • Ce quiz a été pris 47 fois
  • Le résultat moyen est 4 sur 23
Statistiques - réponses
Hint Réponse % Correct
Italien Paolo
70%
Espagnol Pablo
48%
Anglais Paul
48%
Tchèque Pavel
32%
Russe Pavel
25%
Allemand Paul
23%
Serbe Pavl
23%
Polonais Pawel
23%
Occitan Pau
20%
Portugais Paulo
16%
Catalan Pau
14%
Espéranto Paulo
14%
Breton Pol
14%
Hongrois Pal
11%
Letton Pavils
11%
Arménien Poghos
11%
Finnois Paavo
9%
Kabyle Polus
7%
Lituanien Paulius
5%
Irlandais Polet
5%
Danois Poul
5%
Néerlandais Paulus
2%
Slovaque Pavol
2%
Aucun quiz correspondant
Distribution des résultats
% des personnes avec chaque résultat
Percentile par nombre de réponses
Votre historique - résultats
Vous n’avez pas pris ce quiz